| 000 | 00333cam a2200133ua 4500 | ||
|---|---|---|---|
| 003 | OSt | ||
| 008 | 240327b |||||||| |||| 00| 0 eng d | ||
| 041 | _aeng | ||
| 082 |
_a628.01 _bWOR/IN |
||
| 245 | _aInternational Sanitory Regulations / | ||
| 260 |
_aGeneva : _bWorld Health Organisation , _c1961. |
||
| 300 | _a125 ; . | ||
| 942 | _cBK | ||
| 999 |
_c1286 _d1286 |
||